Albums-Songs (Katseye) - Statistics

General Stats
  • This quiz has been taken 81 times
  • The average score is 11 of 15
Answer Stats
Hint Answer % Correct
1 Debut
94%
3 My Way
91%
2 Gabriela
90%
1 Gnarly
90%
2 Touch
90%
4 Mean Girls
87%
5 M.I.A
87%
3 Gameboy
85%
5 Tonight I Might
82%
4 I'm Pretty
79%
Single from Netflix series Flame
71%
Album-EP (2025) Beautiful Chaos
66%
Single from Good Boy Time Lapse
40%
From a Kids series Monster High Fright Song
35%
Album-EP (2024) SIS (Soft Is Strong)
28%
No matching quizzes found
Score Distribution
Percent of People with Each Score
Percentile by Number Answered
Your Score History
You have not taken this quiz